Loading...
| History - World | 0 | 5 | 0 | 1 | 50 | 82 | 105.40 | 0 | 1 | 0.00 | 0.00 |
| Fine Arts - Other | 0 | 4 | 0 | 0 | 40 | 79 | 121.25 | 0 | 1 | 0.00 | 0.00 |
| History - European | 2 | 1 | 1 | 0 | 35 | 77 | 81.67 | 0 | 2 | 0.00 | 0.00 |
| Social Science | 0 | 4 | 1 | 3 | 35 | 85 | 126.75 | 0 | 2 | 0.00 | 0.00 |
| Short Fiction and Other | 0 | 3 | 0 | 0 | 30 | 103 | 118.00 | 0 | 2 | 0.00 | 0.00 |
| Current Events | 1 | 1 | 0 | 1 | 25 | 45 | 91.50 | 0 | 1 | 0.00 | 0.00 |
| Religion | 1 | 1 | 0 | 0 | 25 | 80 | 88.00 | 0 | 2 | 0.00 | 0.00 |
| Literature - Drama | 0 | 2 | 0 | 1 | 20 | 115 | 116.00 | 0 | 1 | 0.00 | 0.00 |
| Other Academic | 0 | 2 | 0 | 1 | 20 | 129 | 139.00 | 0 | 1 | 0.00 | 0.00 |
| History - Other | 1 | 0 | 0 | 0 | 15 | 47 | 47.00 | 0 | 1 | 0.00 | 0.00 |
| Science - Physics | 0 | 1 | 0 | 0 | 10 | 129 | 129.00 | 0 | 0 | 0.00 | 0.00 |
| Fine Arts - Painting and Sculpture | 0 | 1 | 0 | 0 | 10 | 115 | 115.00 | 0 | 0 | 0.00 | 0.00 |
| Literature - Poetry | 0 | 1 | 0 | 0 | 10 | 147 | 147.00 | 0 | 0 | 0.00 | 0.00 |
| Science - Biology | 0 | 1 | 0 | 0 | 10 | 121 | 121.00 | 0 | 1 | 0.00 | 0.00 |
| History - American | 0 | 1 | 1 | 0 | 5 | 95 | 95.00 | 0 | 1 | 0.00 | 0.00 |
| Geography | 0 | 0 | 2 | 0 | -10 | 0.00 | 0 | 0 | 0.00 | 0.00 |